Argentina orgánica
Guardado en:
| Autor Corporativo: | |
|---|---|
| Formato: | Electrónico |
| Idioma: | Undetermined |
| Publicado: |
Buenos Aires :
Universidad Católica Argentina,
2007.
|
| Etiquetas: |
Agregar Etiqueta
Sin Etiquetas, Sea el primero en etiquetar este registro!
|
| LEADER | 00594nmm a22001695a 4500 | ||
|---|---|---|---|
| 001 | EEA.libagro009641 | ||
| 005 | 20161110121912.0 | ||
| 008 | 140505s2007####ag#########m########und#d | ||
| 020 | |a 9789504400639 | ||
| 082 | 0 | 4 | |a 658.935 |
| 082 | 0 | 4 | |a 635.98 |
| 082 | 0 | 4 | |a 631.584 |
| 245 | 1 | 0 | |a Argentina orgánica |h [recurso electrónico] / |c Universidad Católica Argentina. |
| 260 | |a Buenos Aires : |b Universidad Católica Argentina, |c 2007. | ||
| 300 | |a 1 CD-ROM. | ||
| 710 | 2 | |a Universidad Católica Argentina. |b Centro de altos estudios Jorge Gándara. | |
| 859 | |a AR-BbBCA |b BIB. AGRONOMIA |h 658.935 |i B928 cd |p 2008/5356 | ||
